000 00557nam a2200193Ia 4500
008 240510s9999 xx 000 0 und d
020 _a0000201101726
041 _aEng
082 _a006.33
082 _bB83
100 _aBUCHANAN, Bruce G. & SHORTLIFFE, EDWARD H.
245 0 _aRule based expert systems: the MYCIN experiments of the stanford heuristic programming project
260 _bAddison-Wesley, Reading, Mass
260 _c1984
300 _a748 p.
650 _aExpert systems : knowledge engineering
942 _2ddc
942 _cLBK
999 _c24892
_d24892
945 _a1
_bMadushi Gamage
_c1
_dMadushi Gamage